01893nam a2200217Ia 4500003000400000005001700004008004100021040001000062041000800072082001000080100002900090245004700119260010200166300002300268504004200291520116300333653002801496653003001524653001501554710010601569Ost20260426125805.0260426s9999||||xx |||||||||||||| ||und|| cfsecg aeng a519.2 aTouatte, OthmaneeAuthor 0aHandout in statistics 3 /cOthmane Touatte aAlgiers :bUniversity of Algiers 3 Faculty of Economics Commercial Sciences and Management,c2026 a101 paper, c12 cm aIdex paper 98 -101 refrences paper 6 aThis handout presents the main concepts and applications of Statistics 3 for second-year students in economics, commercial sciences, and management. It aims to provide a comprehensive introduction to probability distributions and their role in statistical analysis and decision-making. The material explains both discrete and continuous probability distributions and highlights their theoretical foundations and practical applications. Key discrete distributions discussed include the uniform, Bernoulli, binomial, Poisson, geometric, and hypergeometric distributions. Continuous distributions such as the uniform, normal, exponential, gamma, beta, chi-square, Student’s t, and Fisher’s F distributions are also examined. The handout further explores joint distributions of two random variables, including marginal and conditional distributions, covariance, and correlation. Through explanations, examples, and practical exercises, students develop analytical and problem-solving skills. The objective is to help learners understand statistical concepts and apply them effectively in real-world contexts related to economics, business, and data analysis. aMathematical statistics aProbability Distributions aStatistics aUniversity of Algiers 3 Faculty of Economics Commercial Sciences and ManagementeScientific publisher